MARC

LEADER 00000nam0a2200000 4500
001 67944
005 20231031074324.0
010 |a 5020141054 
035 |a (RuTPU)RU\TPU\book\72341 
090 |a 67944 
100 |a 20040928d1990 k y0rusy50 ca 
101 0 |a rus 
102 |a RU 
105 |a a z 001zy 
200 1 |a Адаптивное управление в сложных системах. Беспоисковые методы  |f А. Л. Фрадков 
210 |a Москва  |c Наука  |d 1990 
215 |a 293 с.  |c ил. 
320 |a Библиогр.: с. 283-293 
610 1 |a автоматические системы управления 
610 1 |a задачи 
610 1 |a методы 
610 1 |a адаптивное управление 
610 1 |a скоростные градиенты 
610 1 |a алгоритмы 
610 1 |a непрерывные адаптивные системы 
610 1 |a декомпозиционные области 
610 1 |a системные исследования 
675 |a 681.513.6  |v 3 
700 1 |a Фрадков  |b А. Л.  |g Александр Львович 
801 1 |a RU  |b 63413507  |c 20040928  |g PSBO 
801 2 |a RU  |b 63413507  |c 20160923  |g PSBO 
942 |c BK